000 00778nam a2200205 i 4500
001 53769
003 ES-MaACL
005 20231224062922.0
007 t|
008 960708q1890 sp |||| | spa d
100 1 _aFernández y González, Manuel,
_d1821-1888
_950183
245 1 4 _aLas monedas falsas
_b: memorias de un caminante /
_cpor Manuel Fernández y González.
260 _aMadrid :
_bUrbano Manini,
_c[ca. 1890]
300 _a270 p. ;
_c18 cm.
530 _aDisponible en formato digital.
596 _aSegún CCPB, Urbano Manini trabajó entre 1870 y 1900.
852 _aES-MaACL
_jF-2900
856 _uhttp://www.bibliotecavirtualdeandalucia.es/catalogo/es/consulta/registro.do?id=1001337
_zBiblioteca Virtual de Andalucía
999 _c53769
_d53769